| 000 | 00591nam a2200181 a 4500 | ||
|---|---|---|---|
| 005 | 20260322212021.0 | ||
| 008 | data | ||
| 010 | _a61-8989 | ||
| 090 | _aHV 91 P969 1961 | ||
| 100 | 1 | _aPumphrey, Ralph E. | |
| 245 | 1 | 4 |
_aThe heritage of American social work : _breadings in its philosophical and institutional development / _cRalph E. Pumphrey & Muriel Pumphrey. |
| 260 |
_aNew York _bColumbia University Press _cc1961 |
||
| 300 | _a452 p. | ||
| 650 | 0 | 2 |
_aCharities _zUnited States _xhistory |
| 650 | 4 |
_aPublic welfare _zUnited States _xhistory |
|
| 700 | 1 |
_aPumphrey, Muriel _q(Warren) |
|
| 001 | data | ||
| 999 |
_c463 _d463 |
||